000 00629nam a22001937a 4500
999 _c175167
_d175167
005 20200811155635.0
010 _aENG-128342
020 _c569.00
_a9789353945213
035 _aEN-111874
037 _bDBAD/PUB
082 _a624.1821
100 _aK.S. Sai Ram
245 _aDesign of Steel Structures/
_cby K.S. Sai Ram
260 _aNew Delhi
_bPearson
_c2021
270 _a15th floor,Tower-B,Word Trade Tower,Plot no.1,Block-C sec 16,
_bNoida
_e201301
_k04466540100
_mcompanysecretary.india@pearson.com
300 _axvi;608p..
_c24cm(pbk)
500 _aincludes index
942 _2ddc
_cEN
_h624.1821
_mSAI